[Event "SRB-chT Men 1st League 2019"]
[Site "Subotica"]
[Date "2019.08.28"]
[Round "7.5"]
[White "Budisavljevic, Luka"]
[Black "Vucinic, Gojko"]
[Result "1/2-1/2"]
[WhiteElo "2359"]
[BlackElo "2396"]
[Annotator "TA"]
[PlyCount "99"]
[EventDate "2019.08.23"]
[EventType "team-tourn"]
[EventCountry "SRB"]
[SourceTitle "playchess.com"]
[Source "ChessBase"]
[SourceQuality "1"]

{[%evp 9,99,30,35,33,25,18,28,22,23,19,34,15,72,20,26,40,0,0,0,-61,-56,-122,-88,-105,-62,-74,-64,-88,-84,-147,-127,-167,-124,-129,-132,-106,-70,-66,-35,-43,-36,-52,-14,-14,-9,-8,-8,-8,-8,-8,-18,-17,-11,-12,-15,-28,0,0,-4,-18,-10,-14,12,14,17,0,0,0,0,0,0,0,0,0,0,0,0,0,0,0,0,0,0,0,8,0,0,0,0,0,0,-29950]} 1. Nf3 Nf6 2. c4 g6 3. Nc3 d5 4. cxd5 Nxd5 5. h4 Bg7 6. h5 {A16: English Opening: 1...Nf6 with ...d5} Nc6 7. g3 Bg4 8. h6 {White has an edge.} Bxc3 9. dxc3 Qd6 10. Ng5 Ne5 {[#]} (10... f6 $11 11. Rh4 Qd7) 11. Bg2 (11. f4 $1 $16 {Black must now prevent Rh4.} Nd7 12. Bg2) 11... O-O-O $11 12. Qxd5 $146 ({Predecessor:} 12. Qa4 Nb6 13. Qd4 {1-0 (39) Ding,L (2782)-Wei,Y (2734) Baku 2015}) 12... Qxd5 $40 {[%mdl 128] Black attacks.} 13. Bxd5 Rxd5 {[#]} 14. f3 (14. c4 $1 $11 {[%mdl 512]} Nxc4 15. Nxf7) 14... f6 $1 $15 15. Nh3 ({White should try} 15. Bf4 $15) 15... Bxh3 $1 $17 16. Rxh3 g5 17. f4 Nf7 18. e4 Rd6 19. Ke2 ({White should play} 19. fxg5 fxg5 20. Be3) 19... Re6 20. Kf3 Rg8 {And now ...g4+ would win.} 21. g4 Nd6 22. e5 fxe5 23. fxg5 e4+ 24. Ke2 Nf7 25. Rh5 Reg6 (25... e3 $5) 26. Be3 Nxg5 27. Bxg5 Rxg5 28. Rxg5 Rxg5 $11 {[%mdl 4096] Endgame KR-KR} 29. Rg1 Kd7 30. Ke3 Ke6 31. Kxe4 Kf6 32. Kf4 e5+ 33. Kf3 {The position is equal.} Rg6 34. Rh1 Kf7 35. Rh5 e4+ 36. Kf4 Re6 37. Rh3 Kg6 38. Re3 Kxh6 39. Kf5 Re8 40. g5+ Kg7 41. Rxe4 Rxe4 42. Kxe4 {KP-KP} Kg6 43. Kf4 Kh5 44. c4 c5 45. Kf5 a6 46. a3 b5 47. b3 {cxb5 is the strong threat.} bxc4 48. bxc4 Kh4 49. Kf4 Kh5 50. Ke4 $2 {[%mdl 40960] Accuracy: White = 61%, Black = 70%. . An unexpected result.} (50. a4 $11) 1/2-1/2

[Event "SRB-chT Men 1st League 2019"]
[Site "Subotica"]
[Date "2019.08.28"]
[Round "7.6"]
[White "Damjanovic, Vuk"]
[Black "Besedes, Danilo"]
[Result "1/2-1/2"]
[WhiteElo "2246"]
[BlackElo "2249"]
[Annotator "NA"]
[PlyCount "139"]
[EventDate "2019.08.23"]
[EventType "team-tourn"]
[EventCountry "SRB"]
[SourceTitle "playchess.com"]
[Source "ChessBase"]
[SourceQuality "1"]
[TimeControl "40/5400+30:1800+30"]

1. d4 {[%emt 0:04:01]} d5 {[%emt 0:02:35]} 2. c4 {[%emt 0:00:18]} e6 {[%emt 0:01:33]} 3. Nc3 {[%emt 0:00:56]} Nf6 {[%emt 0:03:30]} 4. cxd5 {[%emt 0:01:58]} exd5 {[%emt 0:03:03]} 5. Bg5 {[%emt 0:00:49]} c6 {[%emt 0:00:08]} 6. e3 {[%emt 0:00:37]} Bf5 {[%emt 0:00:17]} 7. Qf3 {[%emt 0:00:31]} Bg6 {[%emt 0:00:07]} 8. Bxf6 {[%emt 0:00:13]} Qxf6 {[%emt 0:00:06]} 9. Qxf6 {[%emt 0:00:08]} gxf6 {[%emt 0:00:09]} 10. Nf3 {[%emt 0:01:08]} a5 {[%emt 0:00:19]} 11. Kd2 {[%emt 0:06:49]} a4 {[%emt 0:06:05]} 12. Bd3 {[%emt 0:05:55]} a3 {[%emt 0:08:26]} 13. b3 {[%emt 0:00:23]} Bb4 {[%emt 0:01:58]} 14. Rhc1 {[%emt 0:16:24]} Nd7 {[%emt 0:04:22]} 15. Nh4 {[%emt 0:05:03]} Rg8 {[%emt 0:25:16]} 16. g3 {[%emt 0:03:18]} Nb6 {[%emt 0:01:10]} 17. Nf5 {[%emt 0:22:22]} Nc8 {[%emt 0:02:52]} 18. Ke2 {[%emt 0:00:43]} Bxf5 {[%emt 0:06:23]} 19. Bxf5 {[%emt 0:00:05]} Nd6 {[%emt 0:00:18]} 20. Bd3 {[%emt 0:00:55]} f5 {[%emt 0:01:17]} 21. f3 {[%emt 0:00:39]} Kd7 {[%emt 0:00:52]} 22. Kf2 {[%emt 0:01:22]} Rae8 {[%emt 0:01:32]} 23. Rc2 {[%emt 0:03:55]} Re6 {[%emt 0:01:36]} 24. Rac1 {[%emt 0:01:34]} Rh6 {[%emt 0:04:09]} 25. Kg2 {[%emt 0:03:54]} Re6 {[%emt 0:02:11]} 26. Kf2 {[%emt 0:00:02]} Rh6 {[%emt 0:04:48]} 27. h4 {[%emt 0:01:59]} Rf6 {[%emt 0:02:25]} 28. Be2 {[%emt 0:02:42]} f4 {[%emt 0:02:13]} 29. gxf4 {[%emt 0:01:41]} Rfg6 {[%emt 0:02:17]} 30. Bf1 {[%emt 0:01:48]} Rh6 {[%emt 0:01:09]} 31. Bh3+ {[%emt 0:00:35]} Ke7 {[%emt 0:00:40]} 32. Ne2 {[%emt 0:02:47]} Rxh4 {[%emt 0:00:47]} 33. Rh1 {[%emt 0:00:56]} Rg6 {[%emt 0:01:33]} 34. Bg2 {[%emt 0:00:24]} Nf5 {[%emt 0:04:42]} 35. Rxh4 {[%emt 0:00:26]} Nxh4 {[%emt 0:00:02]} 36. Bh3 {[%emt 0:00:01]} Kd6 {[%emt 0:01:07]} 37. e4 {[%emt 0:02:18]} Rg8 {[%emt 0:03:51]} 38. f5 {[%emt 0:00:36]} Rg5 {[%emt 0:02:03]} 39. Nf4 {[%emt 0:01:18]} dxe4 {[%emt 0:00:48]} 40. fxe4 {[%emt 0:00:00]} Ba5 {[%emt 0:00:00]} 41. f6 {[%emt 0:07:41]} Bb6 {[%emt 0:02:58]} 42. Rc4 {[%emt 0:02:06]} Re5 {[%emt 0:04:48]} 43. Ke3 {[%emt 0:09:53]} Rg5 {[%emt 0:00:13]} 44. Kd3 {[%emt 0:07:53]} Rg3+ {[%emt 0:01:09]} 45. Kc2 {[%emt 0:00:49]} Bxd4 {[%emt 0:01:57]} 46. Rxd4+ {[%emt 0:03:01]} Ke5 {[%emt 0:00:30]} 47. Rb4 {[%emt 0:04:28]} Kxf4 {[%emt 0:01:14]} 48. e5+ {[%emt 0:00:05]} Kg5 {[%emt 0:00:08]} 49. Rxb7 {[%emt 0:01:50]} Rxh3 {[%emt 0:02:12]} 50. Rxf7 {[%emt 0:00:05]} Re3 {[%emt 0:01:46]} 51. Rg7+ {[%emt 0:01:58]} Kh6 {[%emt 0:01:11]} 52. Rg8 {[%emt 0:00:42]} Ng6 {[%emt 0:03:57]} 53. f7 {[%emt 0:00:11]} Nf8 {[%emt 0:00:06]} 54. Rxf8 {[%emt 0:01:27]} Kg7 {[%emt 0:00:06]} 55. Rh8 {[%emt 0:00:16]} Kxf7 {[%emt 0:00:14]} 56. Rxh7+ {[%emt 0:00:05]} Ke6 {[%emt 0:00:09]} 57. Rh6+ {[%emt 0:03:50]} Kd5 {[%emt 0:00:20]} 58. Rd6+ {[%emt 0:00:15]} Kc5 {[%emt 0:00:08]} 59. Rd3 {[%emt 0:00:47]} Rxe5 {[%emt 0:00:28]} 60. Kc3 {[%emt 0:00:02]} Re4 {[%emt 0:00:42]} 61. Rh3 {[%emt 0:00:18]} Kb5 {[%emt 0:00:41]} 62. Rh8 {[%emt 0:00:53]} Re3+ {[%emt 0:00:13]} 63. Kd2 {[%emt 0:00:21]} Rg3 {[%emt 0:00:09]} 64. Rh2 {[%emt 0:00:59]} c5 {[%emt 0:00:26]} 65. Kc2 {[%emt 0:00:04]} Rf3 {[%emt 0:00:48]} 66. Rg2 {[%emt 0:00:05]} Rf1 {[%emt 0:00:43]} 67. Rh2 {[%emt 0:00:40]} Rf4 {[%emt 0:00:36]} 68. Kc3 {[%emt 0:00:09]} Rg4 {[%emt 0:00:16]} 69. Rf2 {[%emt 0:00:06]} Rg1 {[%emt 0:01:15]} 70. Rh2 {[%emt 0:00:09]} 1/2-1/2

[Event "SRB-chT Men 1st League 2019"]
[Site "Subotica"]
[Date "2019.08.28"]
[Round "7.7"]
[White "Rakhmanov, Aleksandr"]
[Black "Georgiev, Kiril"]
[Result "1-0"]
[WhiteElo "2606"]
[BlackElo "2581"]
[Annotator "TA"]
[PlyCount "99"]
[EventDate "2019.08.23"]
[EventType "team-tourn"]
[EventCountry "SRB"]
[SourceTitle "playchess.com"]
[Source "ChessBase"]
[SourceQuality "1"]

{[%evp 9,99,-3,3,-14,0,-6,0,-10,0,-10,0,-17,-20,-36,-55,-49,-13,-24,-18,-27,-20,-22,-14,-24,-12,-23,-20,-19,0,0,0,0,0,0,0,0,4,4,4,3,7,3,10,0,0,0,0,0,0,0,0,0,0,0,11,0,0,0,0,0,0,0,0,-71,-71,-77,-75,-75,-83,-62,-43,-58,-27,-62,-67,-148,105,72,591,561,588,589,574,564,550,571,548,554,695,672,675,660]} 1. d4 Nf6 2. c4 e6 3. Nc3 Bb4 4. e3 O-O 5. Bd2 c5 6. dxc5 {E46: Nimzo-Indian: Rubinstein: 4 e3 0-0 5 Ne2 without early Bd3} Bxc5 7. Nf3 Nc6 8. a3 {The position is equal.} d5 9. Bd3 a6 10. cxd5 exd5 11. Qc2 Bg4 $146 ({Predecessor:} 11... Ba7 12. Ne2 Bg4 13. Bc3 Bxf3 14. gxf3 d4 15. exd4 g6 16. Be4 Rc8 17. Qd3 {½-½ (17) Shariyazdanov,A (2572)-Lalic,B (2527) Rabac 2004}) 12. Ng5 h6 13. Nh7 Nxh7 14. Bxh7+ Kh8 15. Bf5 Qg5 16. Bxg4 Qxg4 17. O-O d4 18. h3 Qd7 19. Ne4 dxe3 20. Qxc5 exd2 21. Rad1 Qe6 22. Nxd2 Rfd8 23. Nc4 Rxd1 24. Rxd1 Re8 25. Ne3 Kg8 26. Rd6 Qb3 27. Qc1 Re6 28. Rd7 Re7 29. Rd6 Re6 30. Rd7 Re7 31. Rd2 Re8 32. Nc4 Ne5 $36 {[%mdl 2048] Black has the initiative.} 33. Nd6 Rd8 34. Qc5 Qe6 {...Nf3+! is the strong threat.} 35. Rd4 Nc6 36. Rd1 {[#]} (36. Rd5 $11 {remains equal.}) 36... Ne7 $1 $17 {[%cal Re7c8] White must now prevent ...Nc8.} 37. Rd4 Qe1+ 38. Kh2 {Strongly threatening Re4.} Qxf2 {Hoping for ...Nc6.} 39. Qc7 Nc6 40. Re4 g5 41. Rc4 (41. Nxb7 $2 Rd1 $19) 41... Qf6 42. Nxb7 {[#]} (42. Ne4 $15 Qe5+ 43. Qxe5 Nxe5 44. Rc7) 42... Rd2 $2 {[%mdl 8192]} (42... Rd1 $1 $17 {stays on course.} 43. Rxc6 Qf2) 43. Rxc6 $16 Qf3 $2 {[%mdl 8192] [#]} (43... Qxb2 $16 44. Qg3 (44. Rxh6 Kg7 $11) 44... Qxb7 45. Rxh6 Kf8 46. Rh8+ (46. Qxg5 Rxg2+ 47. Qxg2 Qc7+ 48. Qg3 Qc2+ 49. Qg2 Qc7+ 50. Kg1 Qc1+ 51. Kh2 Qxh6 $11) 46... Kg7) 44. Qd8+ $1 $18 {[%mdl 512] White is clearly winning.} Rxd8 45. gxf3 {KRN-KR} Rd2+ 46. Kg3 Rxb2 47. Nd6 a5 48. Ra6 h5 49. Rxa5 f6 50. Ne4 {Accuracy: White = 56%, Black = 59%.} 1-0

[Event "SRB-chT Men 1st League 2019"]
[Site "Subotica"]
[Date "2019.08.28"]
[Round "7.8"]
[White "Arsovic, Goran"]
[Black "Perunovic, Milos"]
[Result "1/2-1/2"]
[WhiteElo "2389"]
[BlackElo "2569"]
[Annotator "TA"]
[PlyCount "49"]
[EventDate "2019.08.23"]
[EventType "team-tourn"]
[EventCountry "SRB"]
[SourceTitle "playchess.com"]
[Source "ChessBase"]
[SourceQuality "1"]

{[%evp 11,49,4,16,6,11,16,33,39,35,39,41,35,32,35,44,41,27,25,45,45,47,41,45,31,60,48,71,41,48,41,30,34,41,41,60,35,28,34,31,29]} 1. d4 Nf6 2. Nf3 e6 3. c4 c5 4. e3 a6 5. Nc3 d5 6. cxd5 exd5 7. g3 {D40: Queen's Gambit Declined: Semi-Tarrasch with 5 e3} (7. Be2 Nc6 8. O-O cxd4 9. Nxd4 Bd6 10. b3 O-O 11. Bb2 Re8 12. Rc1 Bc7 13. Nxc6 bxc6 14. Ba3 h5 15. Bf3 Ng4 16. g3 Bf5 17. Ne2 Ne5 18. Bg2 h4 19. Nd4 Bd7 {1-0 (38) Cori,J (2686)-Vidit,S (2703) Biel 2019}) 7... Nc6 8. Bg2 Bd6 9. dxc5 Bxc5 10. O-O O-O 11. Ne2 Bg4 12. h3 Bf5 13. b3 $146 ({Predecessor:} 13. Nfd4 Nxd4 14. exd4 Be7 {½-½ (25) Saric,I (2548)-Arsovic,Z (2427) Jahorina 2018}) 13... Qe7 14. Bb2 Rfd8 15. Rc1 Ba3 16. Bxa3 Qxa3 17. Nfd4 Bd7 18. Nc3 Ne7 19. Qd3 Rac8 20. Rc2 h6 21. Rfc1 Rc5 22. Qd2 Rdc8 23. Nb1 Rxc2 24. Rxc2 Rxc2 25. Qxc2 {Accuracy: White = 80%, Black = 34%.} 1/2-1/2

[Event "SRB-chT Men 1st League 2019"]
[Site "Subotica"]
[Date "2019.08.28"]
[Round "7.9"]
[White "Damljanovic, Branko"]
[Black "Scekic, Milos"]
[Result "1/2-1/2"]
[WhiteElo "2483"]
[BlackElo "2381"]
[Annotator "TA"]
[PlyCount "136"]
[EventDate "2019.08.23"]
[EventType "team-tourn"]
[EventCountry "SRB"]
[SourceTitle "playchess.com"]
[Source "ChessBase"]
[SourceQuality "1"]

{[%evp 18,136,0,4,14,11,11,11,15,0,32,22,29,28,28,28,28,28,27,23,22,22,29,22,22,25,39,18,59,47,59,58,54,23,23,23,23,23,23,23,25,22,21,21,44,31,31,29,33,39,39,28,27,15,27,0,27,27,27,27,104,104,141,125,126,104,104,104,165,104,104,104,143,104,104,104,104,104,104,104,104,104,104,104,104,53,104,53,104,104,104,102,91,91,77,8,8,8,8,8,8,8,8,8,8,16,8,0,0,0,0,0,0,0,0,0,0,0,0,0,8]} 1. Nf3 d5 2. c4 c6 3. d4 Nf6 4. Nc3 e6 5. e3 Nbd7 6. Qc2 b6 7. b3 Bb7 8. Bb2 Bd6 9. Be2 O-O 10. O-O Qc7 {D45: Semi-Slav: 5 e3} (10... Rc8 11. Rad1 c5 12. dxc5 Nxc5 13. cxd5 Nxd5 14. Bc4 Nb4 15. Qe2 Qe7 16. a3 Nc6 17. b4 Nd7 18. Ne4 Be5 {0-1 (64) Giri,A (2779)-Ding,L (2805) Zagreb 2019}) 11. Rac1 Rac8 12. Rfd1 Rfd8 13. g3 Qb8 $146 ({Predecessor:} 13... g6 14. Bf1 Bf8 15. Bg2 {1-0 (54) Schloetzer,W (2272)-Gehrig,M Buchen 2009}) 14. e4 Bb4 15. e5 Bxc3 $1 16. Bxc3 Ne4 17. cxd5 cxd5 18. Qb2 Nxc3 19. Rxc3 Rxc3 20. Qxc3 Rc8 21. Qd2 Qc7 22. Bd3 Nf8 23. h4 Qc3 24. Qxc3 Rxc3 25. Ne1 f6 26. f4 fxe5 27. fxe5 Bc6 28. Kf2 Be8 29. Ke3 Bg6 30. Kd2 Rc6 31. Bb5 Rc7 32. Nd3 Bf5 33. Rc1 Rxc1 34. Nxc1 $14 {[%mdl 4096] Endgame KBN-KBN} Kf7 35. Ne2 g5 36. Ke3 h6 37. hxg5 hxg5 38. Nc3 Ke7 (38... Ng6 $11) 39. Be2 $16 Kd7 40. Nb5 a5 41. Nd6 Bg6 42. a3 Kc7 (42... Nh7 $16) 43. b4 ({White should try} 43. Kf2 $18) 43... axb4 44. axb4 Kd8 45. Kd2 Nd7 46. Kc3 Kc7 47. Bg4 Nf8 48. Kb3 Kc6 49. Be2 Kc7 50. Ka4 Kc6 51. Bb5+ Kc7 {[#]} 52. Kb3 ({Better is} 52. Bf1 $1 $16) 52... Kd8 (52... Nd7 $14) 53. Kc3 Nh7 54. Kd2 Nf8 55. Ke3 Nh7 56. Bd3 (56. Bf1 $16) 56... Bxd3 $11 {The position is equal.} 57. Kxd3 {[#] And now Ke3 would win. KN-KN} g4 $1 58. Ke3 {Strongly threatening Kf4.} Ng5 $1 59. Kf4 Nf3 60. Nb5 Nh2 $1 61. Nc3 Kd7 62. b5 Kd8 $1 63. Ne2 Ke7 64. Kg5 Kf7 $1 65. Kf4 Ke7 66. Nc3 {Hoping for Na4.} Kd7 67. Ne2 Ke7 68. Nc3 {Na4 is the strong threat.} Kd7 {Accuracy: White = 71%, Black = 70%.} 1/2-1/2

[Event "SRB-chT Men 1st League 2019"]
[Site "Subotica"]
[Date "2019.08.28"]
[Round "7.10"]
[White "Dimic, Pavle"]
[Black "Tadic, Branko"]
[Result "1/2-1/2"]
[WhiteElo "2349"]
[BlackElo "2488"]
[Annotator "TA"]
[PlyCount "45"]
[EventDate "2019.08.23"]
[EventType "team-tourn"]
[EventCountry "SRB"]
[SourceTitle "playchess.com"]
[Source "ChessBase"]
[SourceQuality "1"]

{[%evp 18,45,52,38,42,19,19,20,28,12,13,4,3,0,34,35,39,25,35,25,33,11,15,17,14,10,14,4,8,0]} 1. d4 Nf6 2. c4 g6 3. Nf3 Bg7 4. g3 c6 5. Bg2 d5 6. Qb3 dxc4 7. Qxc4 Be6 8. Qa4 O-O 9. O-O Qb6 10. Nc3 Rd8 {D78: Fianchetto Grünfeld: 6 0-0 c6} 11. h3 Bd5 (11... Qa6 12. Qc2 c5 13. dxc5 Nc6 14. Be3 Nd5 15. Nxd5 Bxd5 16. Rfd1 Nb4 17. Qd2 Nc6 18. Qc2 Nb4 19. Qd2 Nc6 20. Qc2 {½-½ (20) Vitiugov,N (2738)-Svidler,P (2743) Kazan 2014}) 12. Rd1 Na6 13. Nxd5 cxd5 14. Bd2 $146 {Strongly threatening Ba5.} ({Predecessor:} 14. a3 Ne4 15. e3 Rac8 16. Nd2 Nxd2 17. Bxd2 Rc4 18. Qa5 Qxa5 19. Bxa5 {1-0 (48) Demina,J (2330)-Umanskaya,I (2190) Podolsk 1990}) 14... Rdc8 15. Ne5 Nc7 16. e3 Nce8 17. Bb4 Bf8 18. Qa3 Qc7 19. Ba5 e6 {The position is equal.} 20. Qa4 Qe7 21. Rac1 Nd6 22. Bb4 Qd8 23. Bxd6 {Accuracy: White = 50%, Black = 69%.} 1/2-1/2

[Event "SRB-chT Men 1st League 2019"]
[Site "Subotica"]
[Date "2019.08.28"]
[Round "7.11"]
[White "Nestorovic, Nikola"]
[Black "Milekic, Daniel"]
[Result "1/2-1/2"]
[WhiteElo "2468"]
[BlackElo "2298"]
[Annotator "TA"]
[PlyCount "49"]
[EventDate "2019.08.23"]
[EventType "team-tourn"]
[EventCountry "SRB"]
[SourceTitle "playchess.com"]
[Source "ChessBase"]
[SourceQuality "1"]

{[%evp 12,49,26,27,27,31,43,46,39,33,33,27,34,23,27,25,93,65,97,109,98,12,33,32,13,0,0,0,0,0,0,0,0,0,0,0,0,0,0,0]} 1. e4 c5 2. Nf3 d6 3. d4 cxd4 4. Nxd4 Nf6 5. Nc3 a6 6. h3 e6 7. g4 Nfd7 {B81: Sicilian Scheveningen: Keres Attack} (7... h6 8. Bg2 g5 9. Be3 Nbd7 10. Qe2 Ne5 11. O-O-O Nfd7 12. h4 Rg8 13. hxg5 hxg5 14. Kb1 b5 15. f4 gxf4 16. Bxf4 Bb7 {½-½ (56) Karjakin,S (2773)-Mamedyarov,S (2801) Saint Louis 2018}) 8. g5 b5 9. a3 Bb7 {White is slightly better.} 10. Be3 Nc6 11. Qd2 Rc8 $146 ({Predecessor:} 11... Be7 12. h4 Rc8 13. Nxc6 Rxc6 14. O-O-O O-O 15. f4 Qa8 {½-½ (54) Florea,M (2478)-Boschma,B (2453) ICCF email 2009}) 12. Nxc6 Rxc6 13. f4 Nb6 (13... Be7 $11 {remains equal.}) 14. O-O-O $16 Nc4 15. Bxc4 $1 Rxc4 16. f5 (16. Bd4 $16) 16... Bxe4 $11 {[#]} 17. fxe6 $1 {[%mdl 512]} fxe6 18. b3 {The position is equal.} Bxh1 19. bxc4 Bc6 20. c5 $1 {[%cal Rc5d6]} Qa5 21. cxd6 Qxa3+ 22. Kb1 {[#] And now d7+ would win.} Qb4+ 23. Kc1 Qa3+ 24. Kb1 {Black must now prevent d7+.} Qb4+ 25. Kc1 {Accuracy: White = 53%, Black = 69%.} 1/2-1/2

[Event "SRB-chT Men 1st League 2019"]
[Site "Subotica"]
[Date "2019.08.28"]
[Round "7.12"]
[White "Jandric, Damjan"]
[Black "Ostojic, Nikola"]
[Result "1/2-1/2"]
[WhiteElo "2183"]
[BlackElo "2432"]
[Annotator "NA"]
[PlyCount "91"]
[EventDate "2019.08.23"]
[EventType "team-tourn"]
[EventCountry "SRB"]
[SourceTitle "playchess.com"]
[Source "ChessBase"]
[SourceQuality "1"]
[TimeControl "40/5400+30:1800+30"]

1. e4 {[%emt 0:00:00]} c6 {[%emt 0:00:00]} 2. Nf3 {[%emt 0:00:03]} d5 {[%emt 0:00:00]} 3. Nc3 {[%emt 0:00:25]} Bg4 {[%emt 0:00:15]} 4. h3 {[%emt 0:00:20]} Bxf3 {[%emt 0:00:04]} 5. Qxf3 {[%emt 0:00:08]} e6 {[%emt 0:00:05]} 6. d3 {[%emt 0:01:09]} Nf6 {[%emt 0:00:43]} 7. Bd2 {[%emt 0:00:38]} Nbd7 {[%emt 0:18:42]} 8. g4 {[%emt 0:08:55]} d4 {[%emt 0:04:14]} 9. Nd1 {[%emt 0:07:59]} Bd6 {[%emt 0:04:30]} 10. Bg2 {[%emt 0:00:57]} Ne5 {[%emt 0:34:07]} 11. Qg3 {[%emt 0:25:25]} Nc4 {[%emt 0:00:25]} 12. Bf4 {[%emt 0:14:54]} Bxf4 {[%emt 0:02:21]} 13. Qxf4 {[%emt 0:00:51]} e5 {[%emt 0:01:04]} 14. Qg3 {[%emt 0:12:02]} Qa5+ {[%emt 0:00:24]} 15. Ke2 {[%emt 0:02:36]} Nb6 {[%emt 0:01:17]} 16. b4 {[%emt 0:04:42]} Qxb4 {[%emt 0:03:21]} 17. Qxe5+ {[%emt 0:00:23]} Qe7 {[%emt 0:08:46]} 18. Qxe7+ {[%emt 0:00:07]} Kxe7 {[%emt 0:00:03]} 19. f4 {[%emt 0:01:30]} h6 {[%emt 0:00:16]} 20. a4 {[%emt 0:02:07]} g5 {[%emt 0:03:10]} 21. a5 {[%emt 0:02:44]} Nbd7 {[%emt 0:00:08]} 22. Ra4 {[%emt 0:01:27]} gxf4 {[%emt 0:01:03]} 23. Rxd4 {[%emt 0:00:31]} c5 {[%emt 0:00:31]} 24. Ra4 {[%emt 0:00:45]} Ne5 {[%emt 0:00:45]} 25. Rf1 {[%emt 0:00:43]} Rag8 {[%emt 0:01:12]} 26. Rxf4 {[%emt 0:01:04]} h5 {[%emt 0:01:23]} 27. Rf5 {[%emt 0:05:27]} Nfd7 {[%emt 0:00:04]} 28. Bf3 {[%emt 0:02:40]} hxg4 {[%emt 0:00:17]} 29. Bxg4 {[%emt 0:00:12]} Nxg4 {[%emt 0:00:40]} 30. hxg4 {[%emt 0:00:09]} Rxg4 {[%emt 0:00:08]} 31. Ne3 {[%emt 0:01:01]} Rg1 {[%emt 0:02:24]} 32. Ra2 {[%emt 0:02:58]} Rh2+ {[%emt 0:00:28]} 33. Rf2 {[%emt 0:00:13]} Rxf2+ {[%emt 0:00:31]} 34. Kxf2 {[%emt 0:00:07]} Rb1 {[%emt 0:02:31]} 35. Nc4 {[%emt 0:00:57]} Ke6 {[%emt 0:01:27]} 36. Rb2 {[%emt 0:00:20]} Rxb2 {[%emt 0:00:08]} 37. Nxb2 {[%emt 0:00:08]} f5 {[%emt 0:03:43]} 38. Ke3 {[%emt 0:00:42]} fxe4 {[%emt 0:00:17]} 39. Kxe4 {[%emt 0:01:11]} Nf6+ {[%emt 0:00:50]} 40. Ke3 {[%emt 0:00:00]} Kd5 {[%emt 0:00:00]} 41. Kd2 {[%emt 0:07:32]} Kc6 {[%emt 0:01:52]} 42. Kc3 {[%emt 0:05:52]} Kb5 {[%emt 0:02:41]} 43. Nc4 {[%emt 0:01:08]} Nd5+ {[%emt 0:06:48]} 44. Kb3 {[%emt 0:03:02]} Nb4 {[%emt 0:00:17]} 45. Nd6+ {[%emt 0:01:02]} Kc6 {[%emt 0:00:47]} 46. Nc4 {[%emt 0:00:12]} 1/2-1/2

[Event "SRB-chT Men 1st League 2019"]
[Site "Subotica"]
[Date "2019.08.28"]
[Round "7.13"]
[White "Predojevic, Borki"]
[Black "Rublevsky, Sergei"]
[Result "1/2-1/2"]
[WhiteElo "2618"]
[BlackElo "2652"]
[Annotator "TA"]
[PlyCount "51"]
[EventDate "2019.08.23"]
[EventType "team-tourn"]
[EventCountry "SRB"]
[SourceTitle "playchess.com"]
[Source "ChessBase"]
[SourceQuality "1"]

{[%evp 15,51,13,27,10,22,22,16,4,22,17,28,34,60,50,54,41,35,39,71,26,74,74,79,77,134,10,4,0,0,0,0,0,0,0,0,0,0,0]} 1. d4 d5 2. c4 c6 3. Nc3 Nf6 4. e3 e6 5. Nf3 a6 6. b3 Bb4 7. Bd2 Nbd7 8. Bd3 O-O 9. O-O {D45: Semi-Slav: 5 e3} Bd6 (9... Qe7 10. Qc2 {½-½ (10) Rakhmanov,A (2629)-Bartel,M (2600) Skopje 2019}) 10. Re1 h6 11. h3 e5 {And now ...e4 would win.} 12. cxd5 cxd5 {Threatens to win with ...e4.} 13. e4 exd4 14. Nxd5 Nxd5 15. exd5 Nf6 {[%cal Bd7f6,Bf6d5,Bd5b4][%mdl 32]} 16. Qc1 Nxd5 $146 {[#]} ({Predecessor:} 16... Re8 17. Rxe8+ Nxe8 18. Bxh6 Bxh3 {1-0 (49) Brooks,M (2333)-Hall,G (2273) ICCF email 2014}) 17. Bxh6 $1 {[%mdl 512]} Nb4 (17... gxh6 18. Qxh6) 18. Be4 d3 19. Bg5 Qd7 {[#]} (19... Qc7 $142) 20. Bf6 ({Better is} 20. Re3 $1 $16) 20... gxf6 $11 {The position is equal.} 21. Qh6 {[%csl Ge4][%cal Rh6h7]} f5 {aiming for ...Qe6.} 22. Qg5+ Kh7 {Hoping for ...f6.} 23. Qh5+ Kg7 24. Qg5+ Kh7 {Strongly threatening ...f6.} 25. Qh5+ Kg7 26. Qg5+ {Accuracy: White = 62%, Black = 82%.} 1/2-1/2

[Event "SRB-chT Men 1st League 2019"]
[Site "Subotica"]
[Date "2019.08.28"]
[Round "7.14"]
[White "Ivanisevic, Ivan"]
[Black "Nenezic, Marko"]
[Result "0-1"]
[WhiteElo "2618"]
[BlackElo "2522"]
[Annotator "TA RC"]
[PlyCount "38"]
[EventDate "2019.08.23"]
[EventType "team-tourn"]
[EventCountry "SRB"]
[SourceTitle "playchess.com"]
[Source "ChessBase"]
[SourceQuality "1"]

{[%evp 11,120,37,36,37,56,48,54,19,34,0,0,0,0,-7,8,10,3,0,10,6,13,12,12,-47,16,25,-2,-28,-11,-16,86,0,0,0,0,0,0,0,0,-18,0,-14,-12,-23,21,0,0,-316,-308,-294,-275,-279,-261,-376,-297,-476,-464,-513,-505,-432,-354,-356,-347,-345,-339,-302,-282,-301,-277,-467,-464,-440,-446,-692,-672,-700,-460,-460,-460,-815,-815,-815,-775,-796,-741,-628,-552,-2333,-1699,-2521,-1976,-2350,-2331,-2509,-2395,-2233,-1176,-2221,-2169,-1707,-1624,-2692,-2179,-4782,-4355,-2635,-2587,-1889,-1073,-29966,-5620]} 1. d4 Nf6 2. c4 g6 3. Nc3 Bg7 4. e4 d6 5. Nge2 O-O 6. Ng3 a6 7. Be2 {E70: King's Indian: Miscellaneous lines with 4 e4, including 5 Nge2 and 5 Bd3 0-0 6 Nge2} c5 (7... c6 8. O-O b5 9. e5 Ne8 10. f4 Nd7 11. Be3 bxc4 12. Bxc4 Nb6 13. Bb3 Nc7 14. Qf3 Nbd5 15. Bf2 Rb8 16. Rfe1 Rb4 {½-½ (72) Smirnov,A (2553)-Kvon,A (2509) Melbourne 2018}) 8. d5 b5 9. O-O {White is slightly better.} h5 10. Bg5 $146 ({Predecessor:} 10. cxb5 axb5 11. Bxb5 h4 12. Nge2 h3 13. f3 hxg2 14. Kxg2 Na6 15. Be3 Rb8 {1-0 (49) Hurme,H (2196)-Paakkonen,T (2246) Helsinki 2004}) 10... Nh7 11. Be3 b4 (11... h4 $5 12. Nh1 $8 b4 $15) 12. Na4 h4 13. Nh1 Bd7 14. Rb1 Qa5 15. b3 {[%cal Bb2b3,Bb3a4][%mdl 32]} Bxa4 16. bxa4 Nd7 17. Qc2 ({Better is} 17. Qb3 $11) 17... Bd4 ({Black should play} 17... Nb6 $15) 18. Bxd4 $11 cxd4 19. Rb3 e5 {Played: Nd7-c5} 0-1